[Event "EWCCC Online Final 2020"]
[Site "Online"]
[Date "2020.12.21"]
[Round "6.2"]
[White "Fataliyeva, Ulviyya"]
[Black "Muminova, Nafisa"]
[Result "1-0"]
[WhiteElo "2301"]
[BlackElo "2274"]
[Annotator "TA"]
[PlyCount "103"]
[EventDate "2020.12.19"]
[EventType "team-tourn"]
[EventCountry "NET"]
[SourceTitle "playchess.com"]
[Source "ChessBase"]
[SourceQuality "1"]

{[%evp 10,103,48,65,60,22,21,33,35,-6,43,21,20,12,83,-52,74,65,61,63,104,98,208,199,209,204,213,225,377,267,338,339,356,363,351,352,266,193,518,515,569,608,576,579,779,761,723,708,697,664,620,583,592,489,847,847,832,657,29971,29972,12839,12840,12840,12840,29995,7192,12841,12841,12842,12839,29988,12837,29988,12838,12838,12834,12841,12841,12840,12840,29987,12846,29990,29987,29987,12847,12847,12847,12848,12848,12849,12849,12850,12849,12850,12849]} 1. d4 Nf6 2. c4 e6 3. Nc3 b6 4. e4 Bb7 5. Bd3 Bb4 6. Qc2 c5 {The main line 6...c5 scores better than 6...Bxc3+. E32: Nimzo-Indian: Classical (4 Qc2): 4...0-0.} 7. a3 (7. d5 {is more complex.} b5 8. cxb5 exd5 9. exd5 O-O 10. Nge2) 7... Bxc3+ 8. bxc3 d6 {White is slightly better.} 9. Ne2 Nbd7 {[#]} 10. a4 $146 ({Predecessor:} 10. O-O O-O 11. f3 Rc8 12. Be3 cxd4 13. cxd4 d5 14. Rac1 e5 15. exd5 Bxd5 16. Qb3 exd4 17. Bxd4 {1-0 (50) Hamedi Nia,V (1937)-Alijanzadeh,M (1917) Teheran 2017}) 10... O-O 11. O-O e5 (11... Rc8 $11 {keeps the balance.}) 12. f4 (12. d5 $16) 12... Qe7 (12... cxd4 $1 $15 {keeps the upper hand.} 13. cxd4 exd4) 13. fxe5 $16 dxe5 14. d5 Ne8 {Black is now going downhill.} 15. Ng3 Ndf6 (15... Nd6 $16) 16. Bg5 $18 Bc8 17. Nh5 Bg4 18. Nxf6+ gxf6 $2 (18... Nxf6 19. a5 Bh5) 19. Bh4 Bh5 20. Rxf6 {[#] Rg6+! is the strong threat.} Nxf6 21. Rf1 Nxd5 22. Bxe7 Nxe7 23. Qd2 {Strongly threatening Qg5+.} Bg6 $2 (23... f6 {is tougher.} 24. Qh6 Bg6) 24. Qg5 Rad8 25. Be2 Nc8 26. h4 Nd6 27. h5 {[%mdl 64] [#] Pin} Nxe4 28. Qe3 Nd2 29. hxg6 Nxf1 30. gxh7+ ({Not} 30. Bxf1 hxg6 31. g4 (31. Qxe5 Rfe8 $16) 31... Rfe8 $16) (30. Kxf1 fxg6+ 31. Ke1 Rde8 $16) 30... Kxh7 31. Bxf1 f6 (31... Rfe8 $142 32. Qg5 Rd6 33. Bd3+ Kh8) 32. Bd3+ Kg7 33. Qe4 {[%csl Gd3][%cal Re4h7]} Kf7 34. Qh7+ Ke6 35. Bf5+ Kd6 36. Qxa7 e4 37. Bxe4 (37. Qxb6+ $142 Ke5 38. Qe6+ Kf4 39. Qxe4+ Kg5 40. Qg4+ Kh6 41. Qg6#) 37... Rfe8 38. Qxb6+ Ke5 39. Bd5 Rb8 40. Qc7+ Kf5 41. Qxc5 (41. Kf2 $142 Rh8 42. Qd7+ Kg6 43. Qg4+ Kh6 44. Bf7 Rhg8 45. Qh5+ {[%mdl 64] Double Attack} Kg7 46. Qg6+ Kf8 47. Qxg8+ Ke7 48. Qxb8) 41... Re5 42. a5 Kg5 43. a6 Rb1+ 44. Kh2 f5 45. Qf8 {Threatening mate with Qg7+.} f4 46. Qg7+ Kf5 47. Qxe5+ (47. a7 $142 Ra1 48. Bf3 Raa5 49. g4+ fxg3+ 50. Kxg3 Rxa7 51. Qxa7 Re6 52. Qf7+ Kg5 53. c5) 47... Kxe5 {White is clearly winning.} 48. a7 Ra1 49. a8=Q Rxa8 50. Bxa8 Kd6 51. Bd5 Kc5 52. Kh3 {Weighted Error Value: White=0.33/Black=1.33} 1-0

[Event "EWCCC Online Final 2020"]
[Site "Online"]
[Date "2020.12.21"]
[Round "6.3"]
[White "Goryachkina, Aleksandra"]
[Black "Khademalsharieh, Sarasadat"]
[Result "1/2-1/2"]
[WhiteElo "2593"]
[BlackElo "2494"]
[Annotator "TA"]
[PlyCount "125"]
[EventDate "2020.12.19"]
[EventType "team-tourn"]
[EventCountry "NET"]
[SourceTitle "playchess.com"]
[Source "ChessBase"]
[SourceQuality "1"]

{[%evp 9,124,15,18,25,22,0,10,0,9,8,29,8,12,5,12,8,14,5,30,7,31,13,16,8,10,9,18,2,13,11,15,7,7,1,4,0,14,3,9,14,12,6,9,10,9,7,15,0,0,0,0,0,5,5,5,5,5,5,5,5,5,5,5,5,5,5,7,7,7,0,0,0,0,0,0,0,0,0,6,0,0,0,0,0,0,0,0,0,0,0,0,0,0,0,0,0,0,0,0,0,0,0,0,0,0,0,0,0,0,0,0,0,0,0,0,0,0]} 1. d4 d5 2. c4 e6 3. Nc3 h6 4. cxd5 exd5 5. Bf4 Nf6 6. e3 {D31: Queen's Gambit Declined: Semi-Slav without ...Nf6 (+ Marshall Gambit and Noteboom) and Exchange Variation lines without ...Nf6.} Bd6 7. Bg3 O-O 8. Bd3 {[#]} b6 $146 ({Predecessor:} 8... Re8 9. Nge2 c6 10. Qc2 Qe7 11. O-O Nh5 12. Bxd6 Qxd6 13. e4 dxe4 14. Nxe4 Qd8 15. Rfe1 {1-0 (31) Bekker Jensen,D (2321)-Hahlbohm,M (2125) Berlin 2013}) 9. Nge2 c5 10. O-O Bxg3 11. Nxg3 cxd4 12. exd4 Nc6 13. Bb5 Ne7 14. Re1 Be6 15. Qd2 a6 {The position is equal.} 16. Bd3 Qd6 17. Rac1 Rfc8 18. Nce2 Rxc1 19. Rxc1 Rc8 20. h3 Rxc1+ 21. Qxc1 a5 22. Nf4 Bd7 23. a3 Nc6 24. Qe3 Kf8 25. Ngh5 Nxh5 26. Nxh5 Be6 27. Nf4 Ne7 28. Qc1 (28. g4 {looks sharper.} Bd7 29. Qg3 Kg8 30. Kg2 g6 31. Qe3) 28... Qc6 29. Qxc6 Nxc6 $11 {[%mdl 4096] Endgame KBN-KBN} 30. Ne2 Ke7 31. f3 Kd6 32. Kf2 Ne7 33. g4 g5 34. Kg3 f5 35. f4 gxf4+ 36. Kxf4 {[%cal Rg4f5]} fxg4 37. hxg4 Bd7 38. Nc3 Be8 39. Nb5+ Bxb5 $1 40. Bxb5 {KB-KN} Ke6 $1 41. g5 hxg5+ 42. Kxg5 Nc8 43. Kf4 Nd6 44. Bd3 a4 45. Bc2 b5 46. Bd3 Nc4 {[#] Strongly threatening ...Kd6.} 47. Kf3 $1 Kd6 {Hoping for ...Kc6.} 48. Ke2 $1 Kc6 49. Bxc4 dxc4 {K3P-K3P} 50. Kd2 Kd5 51. Kc3 $1 Ke4 52. Kb4 Kxd4 53. Kxb5 c3 54. bxc3+ Kxc3 {[#] ( -> ...Kb3)} 55. Kxa4 {White threatens Kb5 and mate. KP-K} Kc4 56. Ka5 Kc5 57. Ka6 Kc6 58. a4 {[%cal Ba3a4,Ba4a5,Ba5a6,Ba6a7][%mdl 32]} Kc7 59. a5 Kb8 60. Kb6 Ka8 61. a6 Kb8 62. a7+ Ka8 63. Ka6 {An uneventful encounter. Accuracy: White = 100%, Black = 98%.} 1/2-1/2

[Event "EWCCC Online Final 2020"]
[Site "Online"]
[Date "2020.12.21"]
[Round "6.3"]
[White "Kashlinskaya, Alina"]
[Black "Dzagnidze, Nana"]
[Result "1-0"]
[WhiteElo "2494"]
[BlackElo "2524"]
[Annotator "TA"]
[PlyCount "63"]
[EventDate "2020.12.19"]
[EventType "team-tourn"]
[EventCountry "NET"]
[SourceTitle "playchess.com"]
[Source "ChessBase"]
[SourceQuality "1"]

{[%evp 15,63,25,48,31,49,47,95,97,88,35,43,39,70,68,69,61,66,55,110,62,68,68,91,86,108,85,103,72,107,74,73,69,74,30,77,54,98,99,101,98,122,62,82,81,86,34,125,116,638,626]} 1. d4 e6 2. e4 d5 3. Nc3 Bb4 4. e5 c5 5. a3 Ba5 6. Bd2 cxd4 7. Nb5 Bc7 8. f4 Nc6 9. Nf3 {C18: French: 3 Nc3 Bb4: Main line: 7 h4 and 7 Qg4.} Nge7 10. Bd3 Nf5 11. Bxf5 {White is better.} exf5 12. Nbxd4 (12. Bb4 $16) 12... O-O $14 13. O-O {[#]} Be6 $146 ({Predecessor:} 13... Bb6 14. Bc3 f6 15. exf6 Qxf6 16. Kh1 Qh6 17. Ng5 Ne5 18. Nxf5 Rxf5 19. Bxe5 Be6 20. Nxe6 Qxe6 {0-1 (25) Schlachetzki,H (1968)-Winkler,S (1824) Ditzingen 2008}) 14. Be3 Bb6 15. Kh1 Rc8 16. Qd3 a6 ({Black should play} 16... h6 $14) 17. Bf2 Nxd4 18. Bxd4 Rc4 19. c3 a5 20. Rf2 g6 21. Rg1 Bd7 22. Bxb6 Qxb6 23. Nd4 ({Don't play} 23. Qxd5 $6 Rxf4 24. Qd2 Re4 $11) 23... Qc7 24. Qf3 Qc5 25. Rd2 Be6 26. Rd3 Rc8 27. Qh3 b5 {[#] intending ...b4.} 28. b4 (28. Qh4 $1 $16) 28... axb4 29. axb4 Qb6 30. Ra1 (30. Rgd1 $16) 30... Kg7 ({Black should try} 30... Rxc3 $1 $14 31. Rxc3 Qxd4 32. Rxc8+ Bxc8) 31. Qe3 {Nxf5+! is the strong threat.} Qb7 $2 {[%mdl 8192] [#]} (31... Kg8 $16 32. Ra2 Qb7) 32. Nxe6+ {Weighted Error Value: White=0.19/Black=0.58} 1-0

[Event "EWCCC Online Final 2020"]
[Site "Online"]
[Date "2020.12.21"]
[Round "6.3"]
[White "Cramling, Pia"]
[Black "Kosteniuk, Alexandra"]
[Result "1-0"]
[WhiteElo "2459"]
[BlackElo "2471"]
[Annotator "TA"]
[PlyCount "103"]
[EventDate "2020.12.19"]
[EventType "team-tourn"]
[EventCountry "NET"]
[SourceTitle "playchess.com"]
[Source "ChessBase"]
[SourceQuality "1"]

{[%evp 15,103,27,47,0,0,-10,-4,-11,0,-50,-32,-36,-41,-42,-29,-33,-24,-35,-21,-22,-10,-22,3,0,0,0,10,16,20,10,23,10,13,26,22,0,0,0,116,-84,-24,-18,14,0,0,0,34,36,62,62,143,84,120,71,86,63,63,27,61,72,181,0,0,0,0,0,0,0,0,0,0,0,0,0,0,0,0,0,0,0,12835,12835,12836,12836,12836,12836,6452,5789,5795,4998]} 1. Nf3 Nf6 2. c4 e6 3. g3 d5 4. Bg2 Nc6 5. cxd5 exd5 6. d4 Be7 7. Nc3 Ne4 8. O-O Bf5 9. Qb3 {D02: 1 d4 d5 2 Nf3 sidelines, including 2...Nf6 3 g3 and 2...Nf6 3 Bf4.} (9. Nd2 $14) 9... Nxc3 $11 10. Qxc3 O-O 11. Bf4 {The position is equal.} a5 {[%cal Ba7a5,Ba5a4][%mdl 32] [#]} 12. Ne5 $146 ({Predecessor:} 12. a3 a4 13. Rac1 Re8 14. Rfd1 g5 15. Be3 Na5 16. Qxc7 Nc4 17. Rxc4 dxc4 18. Qxc4 {1-0 (34) Nikolov,M (2478)-Kukov,V (2373) Blagoevgrad 2009}) 12... Nxe5 13. Bxe5 c6 14. f3 a4 15. e4 Be6 16. Bf4 Qa5 17. Bd2 Qb6 18. Be3 Rfd8 19. f4 Bb4 20. Qc1 $1 f6 21. f5 Bf7 22. e5 fxe5 23. dxe5 d4 24. Bf2 {Threatening e6.} Bd5 25. Qg5 {Hoping for e6.} Bxg2 26. Kxg2 {Strongly threatening f6.} Rd5 {[#]} (26... Qa5 $11) 27. e6 $2 (27. f6 $1 $16 {[%csl Gf6][%cal Rg5g7] and life is bright.} Qc7 {[#]} 28. Bxd4 $1 {[%mdl 512]} Rxd4 29. e6) 27... Qc5 (27... Qb5 $17 28. Qg4 h5) 28. g4 Qe7 (28... Re5 {feels hotter.} 29. Qf4 Re2 30. a3 Bd2 31. Qf3 Qc4) 29. Bh4 (29. Qf4 {with more complications.} Bd6 30. Qf3 h5 31. h3 Qf6 32. Rad1) 29... Qxg5 30. Bxg5 Re8 31. Kf3 Bd6 32. h3 Be5 (32... h6 $14 33. Bd2 Kf8) 33. Rad1 (33. Ke4 $142) 33... h6 34. Bh4 Bf6 35. Bxf6 gxf6 $16 {[%mdl 4096] Endgame KRR-KRR} 36. Rd3 Kf8 37. Rc1 Ra8 (37... c5 $16) 38. h4 $2 (38. Ke4 $18) 38... Ke7 $11 39. Ke4 Re5+ 40. Kf4 Rd5 41. Ke4 Rg8 42. Rg1 Re5+ 43. Kxd4 h5 44. g5 {And now gxf6+ would win.} Rd8+ 45. Kc3 Rc5+ 46. Kd2 Rxd3+ $1 47. Kxd3 {KR-KR} Rd5+ $2 {[%mdl 8192]} (47... Rxf5 $11 48. g6 Rd5+ 49. Ke4 Re5+ {[%mdl 64] Double Attack} 50. Kf4 Kf8) 48. Ke4 $18 {White is clearly winning.} Re5+ 49. Kf4 Re2 50. gxf6+ Kxf6 51. Rg6+ Ke7 52. Rg7+ {Weighted Error Value: White=0.26/Black=0.20} 1-0

[Event "EWCCC Online Final 2020"]
[Site "Online"]
[Date "2020.12.21"]
[Round "6.3"]
[White "Benmesbah, Natacha"]
[Black "Paehtz, Elisabeth"]
[Result "0-1"]
[WhiteElo "2223"]
[BlackElo "2467"]
[Annotator "TA"]
[PlyCount "42"]
[EventDate "2020.12.19"]
[EventType "team-tourn"]
[EventCountry "NET"]
[SourceTitle "playchess.com"]
[Source "ChessBase"]
[SourceQuality "1"]

{[%evp 9,42,29,31,15,28,0,0,-5,-1,0,77,7,7,12,4,0,3,8,19,0,-6,-7,80,77,80,76,75,62,88,-125,-100,-94,142,-663,-640]} 1. e4 c5 2. Nf3 d6 3. Bb5+ Nd7 4. O-O Ngf6 5. Re1 a6 6. Bd3 {B51: Sicilian: Moscow Variation (3 Bb5+) without 3...Bd7.} e6 7. b3 {[#]} Be7 $146 ({Predecessor:} 7... b6 8. c3 Bb7 9. Bc2 Qc7 10. Qe2 Rc8 11. d3 g6 12. Bb2 Bg7 13. Nbd2 O-O {0-1 (38) Al Sulaiti,G (2178)-Forster,R (2459) Istanbul 2012}) 8. Bb2 {The position is equal.} b5 {[%cal Bb7b5,Bb5a4][%mdl 32]} 9. a4 Rb8 (9... Bb7 $11 {keeps the balance.}) 10. Na3 (10. axb5 $16 axb5 11. Na3) 10... bxa4 $11 11. e5 dxe5 12. Nxe5 Bb7 13. Nxd7 Qxd7 14. Be5 Rd8 $40 {[%mdl 128] White needs to defend precisely.} 15. bxa4 Qxa4 (15... Qd5 $11 16. f3 Ng4 17. Bxg7 c4 18. Nxc4 (18. Bxh8 $2 {loses.} Bc5+ 19. Re3 cxd3 $19) (18. Bxc4 Qg5 $19) 18... Bc5+ 19. Re3 Rg8) 16. Nb5 $16 Qg4 {[%csl Gb7][%cal Rg4g2] [#]} 17. Nc7+ {[%mdl 1024] White has strong compensation.} Kf8 {[%csl Gb7][%cal Rg4g2]} 18. f3 Qg5 {...c4! is the strong threat.} 19. Bc3 $2 {[#]} (19. Ra4 $16 {stays on course.}) 19... c4 $1 {[%mdl 512]} 20. Re5 (20. Bxc4 Qc5+) 20... Qh4 $2 (20... Qf4 $17 {keeps the pressure on.} 21. Ra4 Rd4 22. Bxd4 Qxd4+ {[%mdl 64] Double Attack} 23. Re3 Qb6 24. Rxc4 Bd6 25. Nxe6+ (25. Na8 Qd8 $19) 25... fxe6) 21. Bxc4 $2 {[%mdl 8192]} (21. g3 $16 Qh6 22. Bxc4) 21... Qxc4 {Weighted Error Value: White=0.69/Black=0.48} 0-1

[Event "EWCCC Online Final 2020"]
[Site "Online"]
[Date "2020.12.21"]
[Round "6.4"]
[White "Muzychuk, Anna"]
[Black "Javakhishvili, Lela"]
[Result "1-0"]
[WhiteElo "2535"]
[BlackElo "2473"]
[Annotator "TA"]
[PlyCount "109"]
[EventDate "2020.12.19"]
[EventType "team-tourn"]
[EventCountry "NET"]
[SourceTitle "playchess.com"]
[Source "ChessBase"]
[SourceQuality "1"]

{[%evp 23,109,19,81,81,87,86,81,81,79,79,114,114,121,122,210,208,219,222,214,214,212,218,222,152,152,158,147,152,152,154,152,150,152,152,153,145,170,167,157,172,186,179,166,127,130,127,186,186,193,193,228,243,237,223,238,193,193,193,29952,29952,6431,6065,5422,5089,29971,29972,29974,29974,29980,29981,29981,29982,29982,29983,29983,29984,29984,29985,29985,29986,29986,29987,29987,29988,29988,29989,29989,29990]} 1. e4 c5 2. Nf3 e6 3. d4 cxd4 4. Nxd4 Nc6 5. Nc3 {[%cal Bb1c3,Bc3e4,Be4f2,Bf2d3][%mdl 32]} Nf6 6. Nxc6 bxc6 7. e5 Nd5 8. Ne4 Qc7 9. f4 Qb6 10. c4 Bb4+ 11. Ke2 f5 12. Nf2 Bc5 (12... Ba6 $11 {remains equal.}) 13. Nd3 $16 {B45: Sicilian Four Knights.} Ne3 14. Qb3 $1 Nxf1 {[#]} 15. Qxb6 $1 {White is better.} (15. Nxc5 $6 Qxc5 16. Qc3 Ba6 $11) 15... Bxb6 16. Rxf1 c5 17. Be3 Ba6 18. b3 ({Much worse is} 18. Bxc5 $6 Bxc5 19. Nxc5 Bxc4+ 20. Nd3 Ke7 $11) 18... Rc8 {[#]} (18... Bb7 $16) 19. a4 $1 $18 Bb7 20. a5 Bd8 {[#]} 21. Bxc5 $146 ({Predecessor:} 21. Nxc5 Bxg2 22. Rg1 Ba8 23. Rxg7 Be7 24. b4 Bf8 25. Rgg1 h5 26. a6 Rc7 27. Kd3 {1-0 (69) Gaponenko,I (2437)-Chelushkina,I (2312) Kusadasi 2006}) 21... a6 22. g3 g5 23. Be3 gxf4 24. gxf4 ({Don't play} 24. Bxf4 $6 Be7 $14) ({Much less strong is} 24. Nxf4 $6 Be4 $14) 24... Be7 25. Rg1 Kf7 26. Rg3 Rhg8 27. Rag1 Rg6 28. Rh3 Kg7 29. Bb6 Be4 30. Kd2 Rxg1 31. Bxg1 Kg6 32. Rg3+ Kf7 33. Bb6 h5 34. Kc3 h4 (34... d5 $16 {was called for.} 35. exd6 Bxd6) 35. Rg1 Bd5 36. Kd4 Be4 37. Nc5 Bxc5+ 38. Bxc5 {[%mdl 4096] Endgame KRB-KRB} h3 39. Rg3 Bg2 40. b4 Rg8 $2 (40... Rh8 $18 41. b5 Rh4) 41. Rxg8 Kxg8 {KB-KB} 42. Bd6 Kf7 43. Kc5 Bf1 44. b5 {White mates.} Ke8 45. Kb6 Bxc4 46. bxa6 Bd5 47. Kc7 Kf7 48. a7 Kg6 49. Kb8 Kh5 50. a8=Q Bxa8 51. Kxa8 Kg4 52. a6 Kf3 53. a7 Kg2 54. Kb8 Kxh2 55. a8=Q {Weighted Error Value: White=0.04/Black=0.39} 1-0

[Event "EWCCC Online Final 2020"]
[Site "Online"]
[Date "2020.12.21"]
[Round "6.4"]
[White "Arabidze, Meri"]
[Black "Muzychuk, Mariya"]
[Result "0-1"]
[WhiteElo "2437"]
[BlackElo "2544"]
[Annotator "TA"]
[PlyCount "80"]
[EventDate "2020.12.19"]
[EventType "team-tourn"]
[EventCountry "NET"]
[SourceTitle "playchess.com"]
[Source "ChessBase"]
[SourceQuality "1"]

{[%evp 17,80,-15,-9,-14,-19,-25,-6,-25,-44,-65,-58,-54,-50,-64,52,-11,35,20,93,87,87,88,74,81,86,53,78,0,43,37,178,0,0,0,21,0,0,0,0,-185,-170,-500,-456,-677,-469,-481,-465,-464,-526,-489,-489,-428,-379,-29991,-29992,-29992,-29993,-29994,-29994,-29994,-29995,-29996,-29997,-29998,-29999]} 1. Nf3 c5 2. c4 Nc6 3. Nc3 g6 4. g3 Bg7 5. Bg2 e6 6. O-O Nge7 7. d3 d5 8. Bg5 h6 9. Bd2 O-O 10. a3 {A37: Symmetrical English vs ...g6: 4 Bg2 Bg7 5 Nf3.} b6 11. Rb1 Bb7 12. cxd5 {The position is equal.} exd5 13. b4 {Black should prevent bxc5.} cxb4 14. axb4 {[%cal Ba3b4,Bb4b5][%mdl 32]} d4 15. Na4 Kh7 {[#]} (15... Re8 $15) 16. Qb3 $146 (16. b5 $14) ({Predecessor:} 16. Ne1 Qd7 17. e4 dxe3 18. fxe3 Ne5 19. Bxb7 Qxb7 20. Qb3 Nf5 21. Nc3 Rad8 22. Ne2 {0-1 (42) Epstein,R (1660)-Ruin,G (2047) Issy les Moulineaux 2005}) 16... Nf5 17. b5 Nce7 {[#]} (17... Ne5 $11) 18. Ng5+ $1 $16 {[%mdl 576] Discovered Attack} hxg5 19. Bxb7 Rb8 20. Bf3 Bf6 21. Rfc1 Kg7 22. Qc2 ({White should play} 22. Nb2 $16) 22... Rh8 (22... Rc8 $5 {[%cal Rc8c2]} 23. Qb3 Rxc1+ 24. Bxc1 (24. Rxc1 Qd7 $14) 24... Qd7 $14) 23. Qc7 Qg8 ({Black should try} 23... Nd5 $1 $14 24. Qxd8 (24. Qxa7 Ra8 $11) 24... Rbxd8) 24. Kg2 $2 (24. h4 $18 g4 25. Be4 (25. Bxg4 Rc8 $16)) 24... Qh7 $11 25. Rh1 Qh3+ 26. Kg1 Rbc8 {[%cal Bb8c8,Bc8c2,Bc2a2][%mdl 32]} 27. Qxa7 Rc2 $1 {Hoping for ...Nc8.} 28. Be1 $2 {[#]} (28. Nxb6 $11 Rxd2 29. Nc4) 28... Ra2 $1 $19 {[%mdl 1024] Black has strong compensation.} 29. Rc1 $2 (29. Qxb6 Rxa4 30. Qc7) 29... Rc8 30. Rb1 (30. Rd1 $142 Rc3 31. Rb1) 30... Rcc2 31. Bg2 Qh5 32. Bf1 {White hopes to continue with Qa8.} Nd5 33. Qb7 Nde3 ({Stronger than} 33... Rxa4 34. Qxd5 Qh8 35. g4 $11) 34. fxe3 Nxe3 35. g4 $2 (35. h3 $19 Rxe2 36. Nb2 (36. Nxb6 $2 Nxf1 37. Nc4 Nh2 $19) (36. g4 $2 Rxe1 37. gxh5 Rxb1 $19)) 35... Qxg4+ {Black mates.} 36. Bg3 Rxe2 37. Nxb6 Nxf1 38. Rxf1 Qh3 39. Bf2 {[#]} Rxf2 $1 {[%mdl 576] Deflection, Back Rank} 40. Rxf2 Ra1+ {Weighted Error Value: White=0.66/Black=0.31} 0-1

[Event "EWCCC Online Final 2020"]
[Site "Online"]
[Date "2020.12.21"]
[Round "6.4"]
[White "Ushenina, Anna"]
[Black "Daulyte-Cornette, Deimante"]
[Result "1-0"]
[WhiteElo "2416"]
[BlackElo "2400"]
[Annotator "NA"]
[PlyCount "45"]
[EventDate "2020.12.19"]
[EventType "team-tourn"]
[EventCountry "NET"]
[SourceTitle "playchess.com"]
[Source "ChessBase"]
[SourceQuality "1"]

1. d4 {[%emt 0:00:00]} d5 {[%emt 0:00:06]} 2. Nf3 {[%emt 0:00:13]} Nf6 {[%emt 0:00:10]} 3. c4 {[%emt 0:00:04]} e6 {[%emt 0:00:05]} 4. Bg5 {[%emt 0:00:25]} dxc4 {[%emt 0:00:20]} 5. Qa4+ {[%emt 0:00:10]} Nbd7 {[%emt 0:00:23]} 6. Nc3 {[%emt 0:00:21]} a6 {[%emt 0:00:31]} 7. Qxc4 {[%emt 0:01:55]} c5 {[%emt 0:00:34]} 8. dxc5 {[%emt 0:01:44]} Bxc5 {[%emt 0:00:24]} 9. e3 {[%emt 0:00:02]} b5 {[%emt 0:02:18]} 10. Qb3 {[%emt 0:00:26]} Bb7 {[%emt 0:00:10]} 11. Rd1 {[%emt 0:00:50]} Qa5 {[%emt 0:00:17]} 12. Be2 {[%emt 0:01:17]} b4 {[%emt 0:02:27]} 13. Qa4 {[%emt 0:01:47]} Qc7 {[%emt 0:01:53]} 14. Nb1 {[%emt 0:02:23]} Bc6 {[%emt 0:00:42]} 15. Qc2 {[%emt 0:00:17]} b3 {[%emt 0:02:57]} 16. axb3 {[%emt 0:00:17]} Ne4 {[%emt 0:01:04]} 17. Bh4 {[%emt 0:01:03]} Bb4+ {[%emt 0:00:21]} 18. Nc3 {[%emt 0:00:25]} Bd5 {[%emt 0:00:27]} 19. O-O {[%emt 0:00:28]} Rb8 {[%emt 0:00:48]} 20. Bc4 {[%emt 0:00:27]} Bxc4 {[%emt 0:00:25]} 21. Nxe4 {[%emt 0:00:05]} Ne5 {[%emt 0:00:15]} 22. Nxe5 {[%emt 0:00:11]} Qxe5 {[%emt 0:00:02]} 23. Qxc4 {[%emt 0:00:15]} 1-0

[Event "EWCCC Online Final 2020"]
[Site "Online"]
[Date "2020.12.21"]
[Round "6.4"]
[White "Ambartsumova, Karina"]
[Black "Buksa, Nataliya"]
[Result "0-1"]
[WhiteElo "2382"]
[BlackElo "2413"]
[Annotator "TA"]
[PlyCount "66"]
[EventDate "2020.12.19"]
[EventType "team-tourn"]
[EventCountry "NET"]
[SourceTitle "playchess.com"]
[Source "ChessBase"]
[SourceQuality "1"]

{[%evp 13,66,0,6,0,0,0,0,0,0,0,24,6,0,0,218,222,208,216,208,158,196,137,132,-49,-47,-53,76,78,63,-133,-127,-279,-153,-295,-279,-291,-283,-583,-558,-597,-603,-932,-947,-925,-906,-1518,-718,-5170,-5025,-29990,-29991,-29997,-29998,-29998,-29999]} 1. c4 e6 2. Nf3 d5 3. e3 Nf6 4. b3 Be7 5. Bb2 O-O 6. Nc3 c5 7. cxd5 Nxd5 8. Qc2 {A13: English Opening: 1...e6.} Nc6 9. a3 b6 {9...Nxc3 is the modern continuation.} 10. h4 {The position is equal.} h6 11. g4 Nxc3 {[#]} 12. g5 $146 ({Predecessor:} 12. dxc3 Bb7 13. Rh3 f5 14. gxf5 Rxf5 15. Bd3 Rxf3 16. Bh7+ Kh8 17. Rxf3 Nd4 18. cxd4 Bxf3 {1-0 (62) Sivuk,V (2514)-Pulpan,J (2417) Prague 2019}) 12... Nd5 {aiming for ...h5.} 13. gxh6 Bf6 $2 (13... f5 $1 $11 {and Black is okay.}) 14. hxg7 $18 Bxg7 {[#]} (14... Kxg7 15. Rg1+ Kh6 16. Ng5 Bxg5 17. hxg5+ Qxg5 18. Rh1+ Qh4 19. Rxh4+ Kg5 20. Qh7) 15. Rg1 $1 {[%cal Rg1g7][%mdl 512]} e5 16. Nxe5 Nxe5 17. Bxe5 f6 {[#]} 18. Qg6 $2 (18. Bb2 $1 $16) 18... Rf7 $15 19. Bb2 Be6 {[#]} (19... Ne7 $15 20. Qh6 Nf5) 20. h5 $1 $16 {[%cal Rh5h6][%mdl 1024] h6 is the strong threat. White has strong compensation.} ({Reject} 20. Bd3 Kf8 $11) 20... Ne7 21. Qg2 $2 (21. Qe4 $1 $14 {was the only good move.} Bf5 22. Qh4) 21... Kf8 $17 ({Stronger than} 21... Bxb3 22. h6 $16) 22. O-O-O $2 {Loses the game.} (22. b4 $17 {was worth a try.}) 22... Qd5 (22... Bxb3 $19 23. Re1 Qd5 24. Qxd5 Bxd5) 23. Qh2 (23. Bc4 $17 Qxg2 24. Rxg2 Bxc4 25. bxc4) 23... Qxb3 $19 24. h6 Bh8 {Threatens to win with ...Bf5.} ({Don't blunder} 24... Bf5 $2 25. hxg7+ Rxg7 26. Qh8+ Rg8 27. Qxf6+ Ke8 28. Rxg8+ Qxg8 29. Bb5+ Bd7 30. Rh1 $18) 25. h7 $2 (25. Qd6) 25... Bf5 {[%csl Gf5][%cal Rb3c2]} 26. Qh6+ Ke8 {[%csl Gf5][%cal Rb3c2]} 27. d3 {And now Rg8+ would win.} Rxh7 28. Qf4 {[#]} c4 $1 29. Qd4 (29. dxc4 Qc2#) 29... Rd8 30. Qf4 c3 {[%csl Gc3][%cal Rb3b2]} 31. Ba1 Qxa3+ {Black mates.} 32. Kc2 Qa2+ 33. Kxc3 Nd5+ {[%mdl 64] Double Attack.  Weighted Error Value: White=1.23/Black=0.32} 0-1